00788 2200205 4500001002100000005001500021008004100036020001800077035001900095041000800114082001100122084001700133100001900150245007100169250001000240260003600250300002600286520018900312650008100501INLIS00000000000486820200508202919200508||||||||| | ||| |||| ||ind|| a979-9481-98-8 0010-0520004868 aind0 a863.19 a863.19/FUE/A0 aCarlos Fuentes00aAura Sebuah Novel Pendek Tentang Misteri Perubahan Identitas 06750 aCet.1 aBandungbKomnas HAM Pressc2006 a103 hlm ;18 cmc18 cm amerupakan sebuah novel pendek tentang misteri perubahan identitas dengan pilihan sudut pandang penceritaan (point of view) yang tidak cukup lazim, yaitu dari sudut pandang orang kedua. 0a1.Novel-PsikologiFiction in Spainsh Mexican Writers 1945-Text Standish,Petes